22 keys to creating a meaningful workplace

Bibliographic Details
Main Author: Terez, Tom (Author)
Format: Book
Language:English
Published: Holbrook, MA : Adams Media Corporation 2000
Subjects:

MARC

LEADER 00000cam a2200000 7i4500
001 0000010264
005 20240918.0
008 030508 mau eng
020 |a 1580622666 
040 |a INS   |b eng   |e rda 
090 0 0 |a HF5549.5.J63   |b T47 2000 
100 1 |a Terez, Tom ,   |e author 
245 1 0 |a 22 keys to creating a meaningful workplace   |c Tom Terez 
264 1 |a Holbrook, MA :   |b Adams Media Corporation   |c 2000 
300 |a ix, 278 pages :   |b illustrations ;   |c 24 cm. 
336 |a text  |2 rdacontent 
337 |a unmediated  |2 rdamedia 
338 |a volume  |2 rdacarrier 
500 |a Includes index 
650 0 |a Industrial managementr   |x Psychology aspects 
650 0 |a Job statisfaction 
650 0 |a Psychology, Industrial 
650 0 |a Work environment 
999 |a 0000008603   |b BOOK   |c Open Shelf   |e Default branch